Structural Eurocodes (Record no. 112564)

MARC details
000 -LEADER
fixed length control field 00733cad a22001935a 4500
001 - CONTROL NUMBER
control field L153516
008 - FIXED-LENGTH DATA ELEMENTS--GENERAL INFORMATION
fixed length control field 110803s2010 xxk f 000 0 eng d
035 ## - SYSTEM CONTROL NUMBER
System control number (Sirsi) u153516
041 0# - LANGUAGE CODE
Language code of text/sound track or separate title eng
100 1# - MAIN ENTRY--PERSONAL NAME
Personal name Stockill, Peter
245 00 - TITLE STATEMENT
Title Structural Eurocodes
Remainder of title potential legal implications
Medium [electronic resource]
260 ## - PUBLICATION, DISTRIBUTION, ETC.
Place of publication, distribution, etc. London
Name of publisher, distributor, etc. Berrymans Lace Mawer LLP
Date of publication, distribution, etc. 2010
520 ## - SUMMARY, ETC.
Summary, etc. Designs and specifications for publicly funded projects; duty of care; reviewing contract documents.
651 #4 - SUBJECT ADDED ENTRY--GEOGRAPHIC NAME
Geographic name United Kingdom
Chronological subdivision
690 ## - LOCAL SUBJECT ADDED ENTRY--TOPICAL TERM (OCLC, RLIN)
Topical term or geographic name as entry element BUILT ENVIRONMENT-BUILDING STANDARDS
710 1# - ADDED ENTRY--CORPORATE NAME
Corporate name or jurisdiction name as entry element Berrymans Lace Mawer LLP
856 40 - ELECTRONIC LOCATION AND ACCESS
Uniform Resource Identifier <a href="https://www.blm-law.com/?appid=2114&news=8698">https://www.blm-law.com/?appid=2114&news=8698</a>
Public note View this item free of charge at www.blm-law.com
942 ## - ADDED ENTRY ELEMENTS (KOHA)
Suppress in OPAC 0
Holdings
Withdrawn status Lost status Source of classification or shelving scheme Damaged status Not for loan Home library Current library Shelving location Date acquired Total Checkouts Full call number Barcode Date last seen Copy number Price effective from Koha item type
    Dewey Decimal Classification     Virtual Virtual Online 03/08/2011   ONLINE PUBLICATION 153516-2001 06/08/2019 1 06/08/2019 Book